Handbook of counseling psychology (Record no. 296086)

MARC details
000 -LEADER
fixed length control field 00437nam a2200169Ia 4500
005 - DATE AND TIME OF LATEST TRANSACTION
control field 20241029174900.0
008 - FIXED-LENGTH DATA ELEMENTS--GENERAL INFORMATION
fixed length control field 240126s9999 xx 000 0 und d
020 ## - INTERNATIONAL STANDARD BOOK NUMBER
International Standard Book Number 9780470096222
082 ## - DEWEY DECIMAL CLASSIFICATION NUMBER
Classification number 158.3 BRO;1 R
100 ## - MAIN ENTRY--PERSONAL NAME
Personal name Brown, Steven D. Lent, Robert W.
245 #0 - TITLE STATEMENT
Title Handbook of counseling psychology
250 ## - EDITION STATEMENT
Edition statement 4th ed.
260 ## - PUBLICATION, DISTRIBUTION, ETC. (IMPRINT)
Name of publisher, distributor, etc. John & Wiley sons
Place of publication, distribution, etc. Hoboken
Date of publication, distribution, etc. 2008
300 ## - PHYSICAL DESCRIPTION
Extent xv, 639
440 ## - SERIES STATEMENT/ADDED ENTRY--TITLE
Title NULL
942 ## - ADDED ENTRY ELEMENTS (KOHA)
Koha item type PESU Books
Holdings
Date last seen Total Checkouts Full call number Accession number Volume/Issue Number Cost, replacement price Price effective from Category Lost status Source of classification or shelving scheme Damaged status Department Withdrawn status bill no. Permanent Location Current Location Shelving location Entry date Vendor Cost, normal purchase price Grants Currency symbol Conversion rate Discount Discount type
26/01/2024   158.3 BRO;1 R PU13943 (30/06/1905) 10738.05 26/01/2024 PESU Books   Dewey Decimal Classification   Central Library   WORDI/2023/CRB/1380 Central Library Central Library Central Library 27/10/2023 The Word BookShop 167.95 Psychology USD 86.4 26 Percentage

© For any Suggestions or Query, please contact the library staff @ librarian@pes.edu or Phone: +9180 2672 1983/ 2108.